[Event "Hohhot National op"]
[Site "Hohhot"]
[Date "2023.12.20"]
[Round "2"]
[White "Wang, Yinuo"]
[Black "Wu, Xinliang"]
[Result "0-1"]
[WhiteElo "1506"]
[BlackElo "2093"]
[PlyCount "144"]
[EventDate "2023.12.20"]
[EventType "swiss"]
[EventRounds "9"]
[EventCountry "CHN"]
[SourceTitle "CB52_2023"]
[SourceDate "2023.12.27"]
[SourceVersion "1"]
[SourceVersionDate "2023.12.27"]
[SourceQuality "1"]

1. d4 Nf6 2. c4 e6 3. g3 d5 4. Nf3 dxc4 5. Bg2 Bb4+ 6. Bd2 Bxd2+ 7. Nbxd2 0-0 8. Nxc4 Bd7 9. Nfe5 Bc6 10. Nxc6 Nxc6 11. e3 Qd7 12. 0-0 Rab8 13. Rc1 Rfd8 14. Qe2 Nb4 15. Ne5 Qe7 16. Qc4 c6 17. a3 Nbd5 18. b4 Nd7 19. Nxd7 Qxd7 20. Rfd1 Qe7 21. Qc5 Qxc5 22. Rxc5 Kf8 23. Rdc1 a6 24. Rb1 Nb6 25. Be4 Ke7 26. f4 g6 27. Kf2 f6 28. h4 Na4 29. Rc2 e5 30. dxe5 fxe5 31. f5 Rd6 32. g4 Rf8 33. Kg3 gxf5 34. gxf5 Rg8+ 35. Kh3 Kf6 36. Rf1 Rgd8 37. Rg2 Nc3 38. Bc2 Rd2 39. Rff2 R2d7 40. Kg4 Rg7+ 41. Kf3 Re7 42. Rg4 Rde8 43. Be4 Rd7 44. Rc2 Nb1 45. Rf2 Nd2+ 46. Ke2 Nxe4 47. Rxe4 Red8 48. Rg4 Rd2+ 49. Kf1 R2d3 50. Ke2 Rxa3 51. Kf3 Rdd3 52. Re2 Rd4 53. Rg8 Rxh4 54. Rd2 Rd4 55. Rh2 Rf4+ 56. Kg2 Rxf5 57. Rxh7 Rg5+ 58. Rxg5 Kxg5 59. Rxb7 Rxe3 60. Rb6 Rc3 61. Rxa6 Kf4 62. Kf2 Rc2+ 63. Ke1 e4 64. Ra3 Rc4 65. Rb3 e3 66. Ke2 Rc2+ 67. Kd3 Rd2+ 68. Kc3 Ke4 69. Rb1 Rd3+ 70. Kc4 e2 71. Re1 Ke3 72. Kc5 Rc3+ 0-1

[Event "CHN-chTB"]
[Site "Hefei"]
[Date "2023.04.17"]
[Round "1"]
[White "Wu, Xinliang"]
[Black "Liu, Huaqi"]
[Result "1-0"]
[WhiteElo "2131"]
[BlackElo "1564"]
[PlyCount "191"]
[EventDate "2023.04.17"]
[EventType "team-swiss"]
[EventRounds "9"]
[EventCountry "CHN"]
[SourceTitle "EXT 2024"]
[Source "ChessBase"]
[SourceDate "2023.10.10"]
[SourceVersion "1"]
[SourceVersionDate "2023.10.10"]
[SourceQuality "1"]
[WhiteTeam "Chongqing Masite"]
[BlackTeam "Hefei Xinzhan District"]
[WhiteTeamCountry "CHN"]
[BlackTeamCountry "CHN"]

1. Nf3 Nf6 2. c4 e6 3. Nc3 Bb4 4. Qc2 c5 5. g3 Bxc3 6. Qxc3 b6 7. Bg2 Bb7 8. d3 d6 9. 0-0 0-0 10. a3 Nbd7 11. b4 Qc7 12. Bd2 a6 13. Rfb1 Rab8 14. a4 Rfc8 15. a5 bxa5 16. bxc5 Nxc5 17. Qxa5 Qxa5 18. Bxa5 Nfd7 19. Nd4 Kf8 20. Bxb7 Nxb7 21. Bb4 Nbc5 22. Nc2 Rb6 23. Bxc5 Rxb1+ 24. Rxb1 Rxc5 25. Rb7 Ke8 26. Ra7 a5 27. Na3 Ke7 28. e4 Rc6 29. Nb5 Rc5 30. Nc3 Rc6 31. Ne2 Rc5 32. Nd4 a4 33. Kg2 g6 34. Rxa4 d5 35. Nb3 Rc7 36. exd5 exd5 37. cxd5 Rc3 38. d6+ Kxd6 39. Rd4+ Ke6 40. Nd2 Nc5 41. Ne4 Nxe4 42. Rxe4+ Kd6 43. Re3 g5 44. g4 Ra3 45. Kg3 h6 46. h4 f6 47. f4 Kd5 48. hxg5 hxg5 49. Kf3 Ra1 50. f5 Rh1 51. Re6 Rh3+ 52. Ke2 Rh2+ 53. Ke3 Rh3+ 54. Kd2 Rh6 55. Kc3 Kc5 56. Ra6 Kb5 57. Ra8 Rh4 58. Kd4 Kc6 59. Ra6+ Kd7 60. Rxf6 Rxg4+ 61. Ke5 Ke7 62. Ra6 Rg1 63. Ra7+ Ke8 64. Rg7 g4 65. Kf4 Rd1 66. Ke3 Rf1 67. Ke4 Re1+ 68. Kf4 Rd1 69. Ke4 Re1+ 70. Kd4 Ra1 71. Ke5 Ra5+ 72. Ke4 Ra4+ 73. d4 Ra1 74. Rxg4 Ke7 75. Ke5 Re1+ 76. Re4 Ra1 77. d5 Ra5 78. Rh4 Ra1 79. Rh7+ Kf8 80. Ke6 Re1+ 81. Kf6 Kg8 82. Rg7+ Kf8 83. Ra7 Ke8 84. d6 Rg1 85. d7+ Kd8 86. Kf7 Rd1 87. f6 Rg1 88. Kf8 Rg2 89. f7 Rg1 90. Ra4 Rg2 91. Ra8+ Kxd7 92. Ra7+ Kd8 93. Ra5 Kd7 94. Rd5+ Kc7 95. Ke7 Re2+ 96. Kf6 1-0